Statistics for All FIFA World Cup Host Cities

Click here to take the quiz!

General Stats

  • This quiz has been taken 32 times
  • The average score is 96 of 175

Answer Stats

Answer% Correct
Montevideo
92%
Rio de Janeiro
92%
Santiago
92%
Barcelona
88%
Berlin
88%
London
88%
Los Angeles
88%
Madrid
88%
Manchester
88%
Mexico City
88%
Munich
88%
New York City
88%
São Paulo
88%
Seoul
88%
Stockholm
88%
Basel
83%
Belo Horizonte
83%
Bern
83%
Cape Town
83%
Cologne
83%
Dallas
83%
Frankfurt
83%
Hamburg
83%
Johannesburg
83%
Kashima
83%
Liverpool
83%
Malmö
83%
Manaus
83%
Marseille
83%
Miami
83%
Milan
83%
Moscow
83%
Paris
83%
Recife
83%
Rome
83%
Saitama
83%
San Francisco
83%
Seville
83%
St. Petersburg
83%
Valencia
83%
Yokohama
83%
Zürich
83%
Birmingham
79%
Boston
79%
Brasilia
79%
Buenos Aires
79%
Chicago
79%
Doha
79%
Dortmund
79%
Durban
79%
Leipzig
79%
Lille
79%
Palermo
79%
Porto Alegre
79%
Stuttgart
79%
Bilbao
75%
Bordeaux
75%
Geneva
75%
Gothenburg
75%
Guadalajara
75%
Lyon
75%
Monterrey
75%
Naples
75%
Osaka
75%
Seattle
75%
Toronto
75%
Turin
75%
Washington
75%
Busan
71%
Curitiba
71%
Florence
71%
Hanover
71%
Houston
71%
Nuremburg
71%
Salvador
71%
Sapporo
71%
Strasbourg
71%
Toulouse
71%
Vancouver
71%
Atlanta
67%
Düsseldorf
67%
Lausanne
67%
Nantes
67%
Philadelphia
67%
Pretoria
67%
Sheffield
67%
Bologna
63%
Detroit
63%
Genoa
63%
Málaga
63%
Nizhny Novgorod
63%
Port Elizabeth
63%
Samara
63%
Sochi
63%
Bari
58%
Córdoba
58%
Fortaleza
58%
Gelsenkirchen
58%
Zaragoza
58%
Bloemfontein
54%
Cagliari
54%
Daegu
54%
Kansas City
54%
Kazan
54%
Montpellier
54%
Orlando
54%
Puebla
54%
Rosario
54%
Saint-Étienne
54%
Kobe
50%
Reims
50%
Rostov-on-Don
50%
Verona
50%
Yekaterinburg
50%
Vigo
46%
Incheon
42%
Kaiserslautern
42%
Lugano
42%
Mendoza
42%
A Coruña
38%
León
38%
Cuiabá
33%
Gijón
33%
Le Havre
33%
Mar del Plata
33%
Natal
33%
Norrköping
33%
Saint-Denis
33%
Udine
33%
Volgograd
33%
Alicante
29%
Arica
29%
Lens
29%
Trieste
29%
Viña del Mar
29%
Helsingborg
25%
Ulsan
25%
Valladolid
25%
Kaliningrad
21%
Oviedo
21%
Saransk
21%
Sunderland
21%
Toluca
21%
Västerås
21%
Daejeon
17%
Elche
17%
Gwangju
17%
Lusail
17%
Örebro
17%
Querétaro
17%
Middlesbrough
13%
Ōita
13%
Polokwane
13%
Rancagua
13%
Rustenburg
13%
Seogwipo
13%
Al Khor
8%
Irapuato
8%
Jeonju
8%
Nelspruit
8%
Nezahualcóyotl
8%
Niigata
8%
San Nicolás de los Garza
8%
Shizuoka
8%
Suwon
8%
Al Rayyan
4%
Al Wakrah
4%
Antibes
4%
Borås
4%
Miyagi
4%
Sandviken
4%
Zapopan
4%
Eskilstuna
0%
Halmstad
0%
Uddevalla
0%

Score Distribution

Percentile by Number Answered

Percent of People with Each Score

Your Score History

You have not taken this quiz